• 首页
  • 本馆介绍
  • 公告通知
  • 最新文献
  • 馆藏检索
  • 电子资源
  • 读者导购
  • 参考咨询
  • 我的图书馆
  • 登录
  • 详细信息显示
  • 放入我的书架
  • 预约/预借图书
  • 作者相关作品
  • 分类相关作品
  • 丛书相关作品
  • 出版社相关作品

书目信息

  • 表格格式
  • 工作单格式
  • 卡片格式
题名:
中西文化比较
    
 
作者: 高丽娟 主编
分册:  
出版信息: 上海   上海交通大学出版社  2018
页数: 233页
开本: 26cm
丛书名:
单 册:
中图分类: G04
科图分类:
主题词: 东西文化--dong xi wen hua--比较文化--高等学校--教材
电子资源:
ISBN: 978-7-313-18777-2
000 01039nam0 2200277 450
001 012001002864
005 20131031114521.0
010    @a978-7-313-18777-2@dCNY39.80
099    @aCAL 012018127247
100    @a20180905d2018 em y0chiy50 ea
101 0  @achi
102    @aCN@b310000
105    @aab a 000yy
106    @ar
200 1  @a中西文化比较@Azhong xi wen hua bi jiao@f主编高丽娟
210    @a上海@c上海交通大学出版社@d2018
215    @a233页@c图, 地图@d26cm
300    @a“互联网+”立体化教材
320    @a有书目 (第233页)
330    @a本书是汉语言文学专业核心课程, 在中国文化概论的通识教育基础之上, 结合外国文学史和外国文学作品选的学习, 进一步提高对中国文化的认识, 参照西方文化体系, 理性地辨析中西方文化各自的长短, 全面提升学生对中西文化的认识水平, 在课程设置中有着特殊而重要的地位。
333    @a大学生素质教育精品教材
606 0  @a东西文化@Adong xi wen hua@x比较文化@x高等学校@j教材
690    @aG04@v5
701  0 @a高丽娟@Agao li juan@4主编
801    @b江苏凤凰@c20191020
905    @b1230973-8@dG04@e123@f6
    
    中西文化比较/主编高丽娟.-上海:上海交通大学出版社,2018
    233页:图, 地图;26cm
    “互联网+”立体化教材.-使用对象:大学生素质教育精品教材
    
    ISBN 978-7-313-18777-2:CNY39.80
    本书是汉语言文学专业核心课程, 在中国文化概论的通识教育基础之上, 结合外国文学史和外国文学作品选的学习, 进一步提高对中国文化的认识, 参照西方文化体系, 理性地辨析中西方文化各自的长短, 全面提升学生对中西文化的认识水平, 在课程设置中有着特殊而重要的地位。
●
相关链接 在E读中查询图书 在五车中查询图书 在当当中查询图书 在豆瓣中查询图书


正题名:中西文化比较     索取号:G04/123         预约/预借

序号 登录号 条形码 馆藏地/架位号 状态 备注
1 1230973   212309731   第一样本阅览室/ [索取号:G04/123] 在馆    
2 1230974   212309740   教育系资料室/ [索取号:G04/123] 在馆    
3 1230975   212309759   教育系资料室/ [索取号:G04/123] 在馆    
4 1230976   212309768   教育系资料室/ [索取号:G04/123] 在馆    
5 1230977   212309777   第四借阅区/ [索取号:G04/123] 在馆    
6 1230978   212309786   第四借阅区/ [索取号:G04/123] 在馆    
唐山师范学院图书馆 欢迎您!
大连网信软件有限公司© 版权所有